[Event "Euro Online U2300 Day 1"]
[Site "chess.com INT"]
[Date "2020.05.25"]
[Round "3"]
[White "Suleymanli, Aydin"]
[Black "Lagerman, Robert"]
[Result "1-0"]
[WhiteTitle "IM"]
[BlackTitle "FM"]
[WhiteElo "2512"]
[BlackElo "2298"]
[WhiteFideId "13413937"]
[BlackFideId "2300362"]
[EventDate "2020.05.25"]

1. d4 Nf6 2. c4 c5 3. d5 b5 4. cxb5 a6 5. b6 d6 6. Nc3 g6 7. a4 a5 8. e4 Qxb6 9.
Bb5+ Bd7 10. Nf3 Bg7 11. Nd2 Na6 12. Nc4 Qd8 13. Bg5 O-O 14. Qd2 Nb4 15. O-O Ne8
16. Bh4 Bf6 17. Bg3 Nc7 18. Bxd7 Qxd7 19. Nb6 Qd8 20. Nxa8 Qxa8 21. Rfe1 Rd8 22.
h4 Bg7 23. h5 Qb7 24. Bh4 Re8 25. Rad1 Qc8 26. h6 Be5 27. f4 Bd4+ 28. Bf2 Bxf2+
29. Qxf2 Qg4 30. e5 dxe5 31. fxe5 1-0

[Event "Euro Online U2300 Day 1"]
[Site "chess.com INT"]
[Date "2020.05.25"]
[Round "3"]
[White "Radosevic, Nenad"]
[Black "Burdalev, Kirill"]
[Result "0-1"]
[BlackTitle "FM"]
[WhiteElo "2157"]
[BlackElo "2394"]
[WhiteFideId "906395"]
[BlackFideId "14121913"]
[EventDate "2020.05.25"]

1. d4 Nf6 2. Nf3 c5 3. d5 e6 4. c4 exd5 5. cxd5 d6 6. Nc3 g6 7. e4 Bg7 8. Be2 a6
9. a4 Bg4 10. O-O Bxf3 11. Bxf3 O-O 12. Re1 Nbd7 13. Bf4 Qe7 14. Qd2 Rab8 15. a5
b5 16. axb6 Rxb6 17. Ra4 Rfb8 18. Qd3 Ne5 19. Bxe5 Qxe5 20. Rxa6 Rxb2 21. Na4
R2b3 22. Qc2 h5 23. h3 Nxd5 24. Qd2 Nf4 25. Bd1 Qg5 26. Bxb3 Qxg2# 0-1

[Event "Euro Online U2300 Day 1"]
[Site "chess.com INT"]
[Date "2020.05.25"]
[Round "3"]
[White "Khodko, Yurii N."]
[Black "Gavriilidis, Georgios"]
[Result "1/2-1/2"]
[WhiteElo "2048"]
[BlackElo "2134"]
[WhiteFideId "24264717"]
[BlackFideId "4206894"]
[EventDate "2020.05.25"]

1. e4 c5 2. Nf3 d6 3. d4 cxd4 4. Nxd4 Nf6 5. Nc3 g6 6. Be3 Bg7 7. f3 O-O 8. Bc4
Nc6 9. Bb3 Bd7 10. Qd2 Qa5 11. O-O-O Rfc8 12. h4 Ne5 13. h5 Nxh5 14. g4 Nf6 15.
Bh6 Bxh6 16. Qxh6 Rxc3 17. bxc3 Qxc3 18. Nf5 Bxf5 19. gxf5 Rc8 20. fxg6 Qa1+ 21.
Kd2 Qc3+ 22. Kc1 Nxg6 23. Rdg1 d5 24. exd5 Qa1+ 25. Kd2 Qd4+ 26. Kc1 Qa1+ 27.
Kd2 Qd4+ 28. Kc1 Qa1+ 1/2-1/2

[Event "Euro Online U2300 Day 1"]
[Site "chess.com INT"]
[Date "2020.05.25"]
[Round "3"]
[White "Pavlov, Mikhail"]
[Black "Nikac, Predrag"]
[Result "0-1"]
[BlackTitle "IM"]
[WhiteElo "2091"]
[BlackElo "2313"]
[WhiteFideId "44126573"]
[BlackFideId "908975"]
[EventDate "2020.05.25"]

1. e4 c5 2. Nf3 Nc6 3. Bb5 g6 4. Bxc6 bxc6 5. O-O Bg7 6. Re1 Nf6 7. e5 Nd5 8. c4
Nc7 9. d4 cxd4 10. Qxd4 O-O 11. Qh4 Ne6 12. Nc3 Rb8 13. Ne4 f6 14. Rb1 d5 15.
exd6 exd6 16. Bh6 g5 17. Bxg5 fxg5 18. Qh5 h6 19. g3 d5 20. cxd5 cxd5 21. Rbd1
Rxb2 22. Qg6 Rxf3 0-1

[Event "Euro Online U2300 Day 1"]
[Site "chess.com INT"]
[Date "2020.05.25"]
[Round "3"]
[White "Panagopoulos, Nikolaos"]
[Black "Vanek, Tomas"]
[Result "0-1"]
[WhiteTitle "FM"]
[BlackTitle "FM"]
[WhiteElo "2238"]
[BlackElo "2080"]
[WhiteFideId "4205375"]
[BlackFideId "313459"]
[EventDate "2020.05.25"]

1. e4 c5 2. Nf3 Nc6 3. Bb5 g6 4. Bxc6 bxc6 5. O-O Bg7 6. Re1 e5 7. b4 cxb4 8. a3
b3 9. cxb3 Nh6 10. d4 exd4 11. Nxd4 O-O 12. Ra2 Qh4 13. f4 Bxd4+ 14. Kh1 Ng4 15.
g3 Qf6 16. e5 c5 17. exf6 Bb7+ 18. Rg2 Nf2+ 19. Kg1 Nxd1+ 0-1

[Event "Euro Online U2300 Day 1"]
[Site "chess.com INT"]
[Date "2020.05.25"]
[Round "3"]
[White "Myhrvold, Rune"]
[Black "Tzoumbas, Anastasios"]
[Result "1-0"]
[BlackTitle "FM"]
[WhiteElo "2231"]
[BlackElo "2284"]
[WhiteFideId "1501259"]
[BlackFideId "4200519"]
[EventDate "2020.05.25"]

1. e4 c5 2. c3 d5 3. exd5 Qxd5 4. d4 Nf6 5. Nf3 cxd4 6. cxd4 e6 7. Nc3 Qa5 8.
Bd3 Be7 9. O-O O-O 10. Be3 Nc6 11. a3 a6 12. Re1 b5 13. b4 Qc7 14. Rc1 Bb7 15.
Ne4 Rfd8 16. Qc2 Rf8 17. Nxf6+ Bxf6 18. Bxh7+ Kh8 19. Be4 Rac8 20. Qe2 Qd6 21.
Red1 Rfd8 22. Ng5 Bxg5 23. Qh5+ Kg8 24. Qh7+ 1-0

[Event "Euro Online U2300 Day 1"]
[Site "chess.com INT"]
[Date "2020.05.25"]
[Round "3"]
[White "Pazdziora, Michal"]
[Black "Molina, Fabrizio"]
[Result "1-0"]
[BlackTitle "FM"]
[WhiteElo "2197"]
[BlackElo "2181"]
[WhiteFideId "1124234"]
[BlackFideId "805637"]
[EventDate "2020.05.25"]

1. d4 d6 2. Nf3 Bg4 3. c4 Bxf3 4. exf3 c6 5. Nc3 e6 6. Bd3 d5 7. Qb3 Qc8 8. Bf4
Nd7 9. O-O Ngf6 10. Rfe1 dxc4 11. Bxc4 Be7 12. Bxe6 O-O 13. Bxf7+ Rxf7 14. Rxe7
Qf8 15. Rae1 Nb6 16. Rxb7 Nbd5 17. Bg5 Re8 18. Rxe8 Qxe8 19. Rb8 Rf8 20. Rxe8
Rxe8 21. g3 1-0

[Event "Euro Online U2300 Day 1"]
[Site "chess.com INT"]
[Date "2020.05.25"]
[Round "3"]
[White "Pulkkinen, Kari"]
[Black "Trokhymyshyn, Sergii"]
[Result "0-1"]
[WhiteTitle "FM"]
[WhiteElo "2232"]
[BlackElo "2157"]
[WhiteFideId "500712"]
[BlackFideId "14135604"]
[EventDate "2020.05.25"]

1. e4 e5 2. Bc4 Nf6 3. d3 Be7 4. Nc3 O-O 5. f4 d6 6. Nf3 Nc6 7. O-O a6 8. a4
exf4 9. Bxf4 Be6 10. Nd5 Bxd5 11. exd5 Nb8 12. Qd2 Nbd7 13. a5 Re8 14. Ba2 Nf8
15. Rae1 Ng6 16. Bg3 Qd7 17. Nd4 Nh5 18. Bf2 Bf6 19. Bb3 Nhf4 20. Be3 Qg4 21.
Nf3 Bxb2 22. Bxf4 Nxf4 23. Re4 Rxe4 24. dxe4 Bc3 0-1

[Event "Euro Online U2300 Day 1"]
[Site "chess.com INT"]
[Date "2020.05.25"]
[Round "3"]
[White "Pruefer, Friedbert"]
[Black "Akhmedov, David"]
[Result "0-1"]
[WhiteElo "2249"]
[BlackElo "1808"]
[WhiteFideId "24699772"]
[BlackFideId "34220194"]
[EventDate "2020.05.25"]

1. d4 d6 2. e4 Nf6 3. Nc3 e5 4. Nge2 Be7 5. g3 O-O 6. Bg2 exd4 7. Nxd4 d5 8.
exd5 Bb4 9. O-O Bxc3 10. bxc3 Nxd5 11. c4 Nc3 12. Qf3 Qxd4 13. Ba3 c5 14. Qh5
Na6 15. Rad1 Nxd1 16. Rxd1 Qg4 17. Qd5 Be6 0-1

[Event "Euro Online U2300 Day 1"]
[Site "chess.com INT"]
[Date "2020.05.25"]
[Round "3"]
[White "Fojt, Petr"]
[Black "Piankov, Evgenij"]
[Result "0-1"]
[BlackTitle "IM"]
[WhiteElo "2084"]
[BlackElo "2216"]
[WhiteFideId "386570"]
[BlackFideId "14100525"]
[EventDate "2020.05.25"]

1. e4 c6 2. d4 d5 3. exd5 cxd5 4. c4 Nf6 5. Nc3 g6 6. Qb3 Bg7 7. cxd5 O-O 8. Bc4
Na6 9. Nge2 Qb6 10. Qxb6 axb6 11. O-O Nb4 12. Bf4 Rd8 13. Bc7 Rd7 14. Bxb6 Nbxd5
15. Nxd5 Nxd5 16. Bxd5 Rxd5 17. Nc3 Rd7 18. Rfe1 Ra6 19. Bc5 Kf8 20. Re4 b6 21.
Bb4 Bb7 22. Ba3 Bxe4 23. Nxe4 Bxd4 24. Re1 Kg7 25. Kf1 h6 26. Ng3 Bc5 27. Bxc5
bxc5 28. a3 f5 29. Re5 Rc6 30. Ke1 Kf6 31. Re3 Re6 32. Rxe6+ Kxe6 33. Ke2 Rb7
34. Kd3 Rxb2 35. Kc4 Rc2+ 36. Kb3 Rxf2 37. a4 Kd5 38. a5 Rxg2 39. Nf1 Re2 40. a6
Re6 41. a7 Ra6 0-1

[Event "Euro Online U2300 Day 1"]
[Site "chess.com INT"]
[Date "2020.05.25"]
[Round "3"]
[White "Caglar, Ahmet Ata"]
[Black "Caputcuoglu, Zeki Berke"]
[Result "1/2-1/2"]
[BlackTitle "CM"]
[WhiteElo "2077"]
[BlackElo "2138"]
[WhiteFideId "6328636"]
[BlackFideId "34548610"]
[EventDate "2020.05.25"]

1. Nf3 c5 2. e4 d6 3. c3 Nf6 4. Bd3 g6 5. O-O Bg7 6. Bc2 O-O 7. h3 Nc6 8. d4 e5
9. dxe5 dxe5 10. Qxd8 Rxd8 11. Be3 b6 12. Nbd2 Ba6 13. Rfd1 h6 14. Ba4 b5 15.
Bc2 c4 16. Nf1 Bb7 17. Ng3 Bf8 18. Kf1 a6 19. Bb6 Rd7 20. Ke2 1/2-1/2

[Event "Euro Online U2300 Day 1"]
[Site "chess.com INT"]
[Date "2020.05.25"]
[Round "3"]
[White "Davtyan, Artur"]
[Black "Galiana Fernandez, Adrian"]
[Result "1-0"]
[WhiteTitle "IM"]
[BlackTitle "FM"]
[WhiteElo "2461"]
[BlackElo "2260"]
[WhiteFideId "13308327"]
[BlackFideId "32010150"]
[EventDate "2020.05.25"]

1. d4 Nf6 2. c4 g6 3. Nc3 d5 4. Bf4 Bg7 5. e3 O-O 6. Rc1 Be6 7. c5 c6 8. Be2 Re8
9. Nf3 Bg4 10. Qb3 b5 11. cxb6 axb6 12. Ne5 Bxe2 13. Nxe2 c5 14. dxc5 bxc5 15.
Rxc5 e6 16. Rc2 Qa5+ 17. Nc3 Ne4 18. O-O g5 19. Nxe4 gxf4 20. Nd6 Bxe5 21. Nxe8
Na6 22. exf4 Bh8 23. Nd6 Nc5 24. Qe3 d4 25. Qg3+ Kf8 26. Qg5 Nd7 27. Rc8+ 1-0

[Event "Euro Online U2300 Day 1"]
[Site "chess.com INT"]
[Date "2020.05.25"]
[Round "3"]
[White "Steenbekkers, Franck"]
[Black "Vakhania, Aleksandra"]
[Result "1-0"]
[WhiteTitle "CM"]
[BlackTitle "WIM"]
[WhiteElo "2164"]
[BlackElo "2138"]
[WhiteFideId "1004220"]
[BlackFideId "13602560"]
[EventDate "2020.05.25"]

1. e4 c6 2. c4 d5 3. cxd5 cxd5 4. exd5 Nf6 5. Nc3 g6 6. Bc4 Bg7 7. Nge2 O-O 8.
O-O Nbd7 9. d3 Nb6 10. Qb3 a5 11. Be3 Nbd7 12. Na4 Ng4 13. Bf4 Nde5 14. h3 Nxc4
15. dxc4 Ne5 16. c5 Bf5 17. Ng3 Bd3 18. Bxe5 Bxf1 19. Bxg7 Kxg7 20. Rxf1 Qc7 21.
Qc3+ Kg8 22. Re1 Rfd8 23. Nb6 Ra6 24. d6 exd6 25. Nd5 Qxc5 26. Ne7+ 1-0

[Event "Euro Online U2300 Day 1"]
[Site "chess.com INT"]
[Date "2020.05.25"]
[Round "3"]
[White "Can, Melih Kaan"]
[Black "Fernandez Madrid, Carlos"]
[Result "1-0"]
[BlackTitle "CM"]
[WhiteElo "2105"]
[BlackElo "2118"]
[WhiteFideId "6317383"]
[BlackFideId "2206030"]
[EventDate "2020.05.25"]

1. e4 c5 2. Nf3 g6 3. d4 cxd4 4. Qxd4 Nf6 5. Nc3 Nc6 6. Qa4 Bg7 7. e5 Ng8 8. Bf4
Nh6 9. Bd3 O-O 10. O-O-O Qa5 11. Qxa5 Nxa5 12. Nd5 Nc6 13. Bb5 e6 14. Bxc6 dxc6
15. Ne7+ Kh8 16. Nxc8 Raxc8 17. Rd7 Rb8 18. Rhd1 Ng4 19. R1d2 h5 20. h3 Nh6 21.
Rc7 Rfc8 22. Rxc8+ Rxc8 23. Rd7 Rb8 24. Ng5 Kg8 25. Ne4 Nf5 26. g4 hxg4 27. hxg4
Nh6 28. f3 a5 29. Nd6 b5 30. Kd2 b4 31. Kd3 a4 32. Kc4 Bf8 33. Bxh6 Bxh6 34.
Rxf7 Bc1 35. b3 axb3 36. axb3 Bb2 37. Rf6 Bxe5 38. Rxg6+ Kh7 39. Rxe6 Bc3 40.
Ne4 Bg7 41. Rxc6 Rf8 42. Ng5+ Kg8 43. Ne6 Rxf3 44. Rc8+ Kf7 45. Ng5+ 1-0

[Event "Euro Online U2300 Day 1"]
[Site "chess.com INT"]
[Date "2020.05.25"]
[Round "3"]
[White "Berzina, Ilze"]
[Black "Lystsov, Leonid"]
[Result "1-0"]
[WhiteTitle "WGM"]
[BlackTitle "CM"]
[WhiteElo "2192"]
[BlackElo "2038"]
[WhiteFideId "11601345"]
[BlackFideId "44173873"]
[EventDate "2020.05.25"]

1. e4 e6 2. d4 d5 3. e5 c5 4. c3 Nc6 5. Nf3 Qb6 6. a3 Nh6 7. b4 cxd4 8. Bxh6
gxh6 9. cxd4 Rg8 10. Nc3 Bd7 11. Na4 Qd8 12. Rc1 Rc8 13. Nc5 Bxc5 14. dxc5 Qc7
15. Qe2 a6 16. g3 Ne7 17. Nd4 Ng6 18. f4 Ke7 19. Bg2 a5 20. b5 Rg7 21. O-O Rcg8
22. Kh1 Nf8 23. c6 bxc6 24. bxc6 Bc8 25. Nb5 1-0

[Event "Euro Online U2300 Day 1"]
[Site "chess.com INT"]
[Date "2020.05.25"]
[Round "3"]
[White "Lopez Del Alamo, Antonio"]
[Black "Solakoglu, Ozgur"]
[Result "0-1"]
[WhiteTitle "FM"]
[BlackTitle "FM"]
[WhiteElo "2283"]
[BlackElo "1967"]
[WhiteFideId "2227339"]
[BlackFideId "6300510"]
[EventDate "2020.05.25"]

1. e4 e5 2. d4 exd4 3. f4 Be7 4. Nf3 Nc6 5. Nxd4 Nxd4 6. Qxd4 Bf6 7. e5 Be7 8.
Nc3 d6 9. exd6 Qxd6 10. Qxg7 Bh4+ 11. g3 Bf6 12. Bb5+ c6 13. Qxh8 Bxh8 14. Bc4
Bxc3+ 15. bxc3 Qc5 16. Bd3 Qxc3+ 17. Kf2 Qxa1 18. Re1+ Ne7 19. Be3 Qc3 20. f5
Bxf5 21. Bxf5 Qxe1+ 22. Kxe1 Nxf5 0-1

[Event "Euro Online U2300 Day 1"]
[Site "chess.com INT"]
[Date "2020.05.25"]
[Round "3"]
[White "Ragnarsson, Johann"]
[Black "Salopaa, Tero"]
[Result "0-1"]
[WhiteElo "1956"]
[BlackElo "2024"]
[WhiteFideId "2301040"]
[BlackFideId "508284"]
[EventDate "2020.05.25"]

1. d4 Nf6 2. c4 e6 3. Nc3 Bb4 4. f3 c5 5. d5 exd5 6. cxd5 d6 7. e4 O-O 8. a3 Ba5
9. Ne2 a6 10. Ng3 b5 11. Bd2 Re8 12. Be2 Bb7 13. O-O Nbd7 14. Kh1 c4 15. Nf5 Nc5
16. Bg5 Nb3 17. Rb1 Bc8 18. g4 Bxf5 19. gxf5 Qe7 20. Qe1 h6 21. Bf4 Nh5 22. Be3
Bxc3 23. bxc3 Nf6 24. Qh4 Nxd5 25. Qxe7 Rxe7 26. Bf2 Nxc3 27. Rb2 Nxe2 28. Rxe2
Rae8 29. Rd1 Rd7 30. Bg3 d5 31. e5 d4 32. e6 fxe6 33. fxe6 Rde7 34. Rde1 d3 35.
Re5 d2 36. Rd1 Rxe6 37. Rxe6 Rxe6 38. Kg2 c3 0-1

[Event "Euro Online U2300 Day 1"]
[Site "chess.com INT"]
[Date "2020.05.25"]
[Round "3"]
[White "Stan, Andrei-Mihaita"]
[Black "Bruessow, Jakob"]
[Result "1-0"]
[WhiteElo "2044"]
[BlackElo "1739"]
[WhiteFideId "1232118"]
[BlackFideId "1340522"]
[EventDate "2020.05.25"]

1. d4 Nf6 2. c4 g6 3. Nc3 Bg7 4. e4 d6 5. f3 O-O 6. Be3 c5 7. d5 a6 8. a4 e6 9.
Qd2 exd5 10. cxd5 Re8 11. Nge2 Nbd7 12. Nc1 Ne5 13. Be2 h5 14. O-O Rb8 15. N1a2
Qc7 16. Rac1 Bd7 17. b4 c4 18. b5 axb5 19. Nxb5 Bxb5 20. axb5 Rbc8 21. h3 h4 22.
b6 Qd8 23. Nc3 Nh5 24. f4 Nd7 25. Bxh5 gxh5 26. Bd4 Bxd4+ 27. Qxd4 Qxb6 28. Qxb6
Nxb6 29. Rb1 Nd7 30. Nb5 Rc7 31. Nxd6 b6 32. Nxe8 1-0

[Event "Euro Online U2300 Day 1"]
[Site "chess.com INT"]
[Date "2020.05.25"]
[Round "3"]
[White "Malczyk, Radoslaw"]
[Black "Memeti, Kastriot"]
[Result "0-1"]
[WhiteElo "2099"]
[BlackElo "2129"]
[WhiteFideId "1128574"]
[BlackFideId "204390"]
[EventDate "2020.05.25"]

1. d4 d5 2. Nc3 e6 3. Bf4 Bd6 4. e3 Nf6 5. Bd3 b6 6. Nf3 Ba6 7. Ne5 Bxd3 8. Qxd3
O-O 9. O-O-O a6 10. f3 c5 11. g4 c4 12. Qd2 b5 13. Ne2 b4 14. Ng3 Qa5 15. Kb1 c3
16. Qd3 Bxe5 17. dxe5 Nfd7 18. e4 Nc5 19. Qd4 Nc6 20. Qe3 d4 21. Qe2 cxb2 22.
Qc4 Rfc8 23. Ne2 Na4 24. Rd3 Nxe5 25. Qxd4 Nxd3 26. cxd3 Nc3+ 27. Nxc3 bxc3 0-1

[Event "Euro Online U2300 Day 1"]
[Site "chess.com INT"]
[Date "2020.05.25"]
[Round "3"]
[White "Batashevs, Arsens"]
[Black "Morozov, Ivan"]
[Result "1-0"]
[WhiteElo "2166"]
[BlackElo "2069"]
[WhiteFideId "11603593"]
[BlackFideId "54158931"]
[EventDate "2020.05.25"]

1. Nf3 Nf6 2. c4 e6 3. e3 b6 4. b3 Bb7 5. Bb2 Be7 6. Nc3 O-O 7. Qc2 d5 8. Bd3 c5
9. Ne2 Nc6 10. a3 dxc4 11. bxc4 h6 12. h4 Qd6 13. Nf4 Rfd8 14. Ng5 Ne5 15. Bh7+
Kf8 16. Ngxe6+ Ke8 17. Nxg7+ Kd7 18. Qf5+ Kc7 19. Bxe5 1-0

[Event "Euro Online U2300 Day 1"]
[Site "chess.com INT"]
[Date "2020.05.25"]
[Round "3"]
[White "Iustin, Silviu"]
[Black "Pavlidis, Anastasios"]
[Result "1-0"]
[BlackTitle "IM"]
[WhiteElo "1998"]
[BlackElo "2333"]
[WhiteFideId "1237071"]
[BlackFideId "4208404"]
[EventDate "2020.05.25"]

1. e4 c5 2. Nf3 d6 3. Nc3 Nf6 4. Bc4 e6 5. O-O Be7 6. d3 O-O 7. h3 b6 8. Bf4 Bb7
9. Re1 h6 10. Ne2 d5 11. exd5 Nxd5 12. Bg3 Bf6 13. c3 Nc6 14. d4 cxd4 15. Nexd4
Nxd4 16. Nxd4 Rc8 17. Bb3 Qd7 18. Qg4 Rfd8 19. Rad1 Kh8 20. Be5 Bxe5 21. Rxe5
Ne7 22. Nxe6 Qxd1+ 23. Bxd1 fxe6 24. Rxe6 Nf5 25. Bc2 Nd4 26. cxd4 Rxc2 27. Re7
Rg8 28. Rxb7 Rc1+ 29. Kh2 Rc4 30. b3 Rcc8 31. d5 b5 32. d6 b4 33. d7 Rcd8 34.
Rc7 a5 35. Rc8 g6 36. Rxd8 Rxd8 37. Qe6 a4 38. Qf6+ Kh7 39. Qxd8 g5 40. Qe7+ Kg6
41. d8=Q Kh5 42. Qde8+ Kh4 43. g3# 1-0

[Event "Euro Online U2300 Day 1"]
[Site "chess.com INT"]
[Date "2020.05.25"]
[Round "3"]
[White "Lebedev, Mikhail S."]
[Black "Abdulla, Khayala"]
[Result "1-0"]
[BlackTitle "WGM"]
[WhiteElo "2131"]
[BlackElo "2263"]
[WhiteFideId "24130303"]
[BlackFideId "13401807"]
[EventDate "2020.05.25"]

1. e4 c5 2. Nf3 Nf6 3. e5 Nd5 4. Nc3 e6 5. Bc4 Nb6 6. Bf1 Nc6 7. g3 d6 8. exd6
Bxd6 9. Bg2 O-O 10. O-O e5 11. d3 Bg4 12. h3 Bh5 13. Qe1 f5 14. Bg5 Qd7 15. a3
Rae8 16. Kh2 Nd4 17. Nxd4 1-0

[Event "Euro Online U2300 Day 1"]
[Site "chess.com INT"]
[Date "2020.05.25"]
[Round "3"]
[White "Upero, Jussi"]
[Black "Dudin, Gleb"]
[Result "0-1"]
[BlackTitle "FM"]
[WhiteElo "2176"]
[BlackElo "2387"]
[WhiteFideId "504491"]
[BlackFideId "34184934"]
[EventDate "2020.05.25"]

1. e4 e5 2. Nf3 Nc6 3. d4 exd4 4. Nxd4 Bc5 5. Nxc6 bxc6 6. Bd3 Ne7 7. O-O O-O 8.
Nd2 d6 9. Qh5 g6 10. Qh4 Bd4 11. Nf3 Bg7 12. Bh6 f6 13. Rad1 Be6 14. e5 fxe5 15.
Ng5 Nf5 16. Bxf5 Rxf5 17. f4 exf4 18. g4 Bxh6 19. gxf5 Bxg5 0-1

[Event "Euro Online U2300 Day 1"]
[Site "chess.com INT"]
[Date "2020.05.25"]
[Round "3"]
[White "Budakova, Taulant"]
[Black "Kujawski, Adam"]
[Result "0-1"]
[BlackTitle "FM"]
[WhiteElo "2060"]
[BlackElo "2201"]
[WhiteFideId "4702204"]
[BlackFideId "1100920"]
[EventDate "2020.05.25"]

1. d4 Nf6 2. c4 e6 3. Nf3 c5 4. e3 b6 5. Nc3 Bb7 6. Bd3 g6 7. O-O Bg7 8. b3 O-O
9. Bb2 Qe7 10. Qe2 cxd4 11. exd4 d5 12. Nb5 Nc6 13. Qd2 Rfd8 14. Ba3 Qd7 15. c5
Ne4 16. Qe3 bxc5 17. Bxe4 dxe4 18. Ne5 Nxe5 19. dxe5 Qxb5 20. Bxc5 Rd3 0-1

[Event "Euro Online U2300 Day 1"]
[Site "chess.com INT"]
[Date "2020.05.25"]
[Round "3"]
[White "Willow, Jonah B"]
[Black "Randazzo, Adrian"]
[Result "1-0"]
[WhiteTitle "FM"]
[BlackTitle "FM"]
[WhiteElo "2386"]
[BlackElo "2293"]
[WhiteFideId "438804"]
[BlackFideId "114251"]
[EventDate "2020.05.25"]

1. e4 c5 2. Nf3 d6 3. Nc3 a6 4. g3 Nc6 5. Bg2 g6 6. O-O Bg7 7. d3 e6 8. Be3 Qa5
9. d4 cxd4 10. Nxd4 Ne5 11. Qe2 Qc7 12. f4 Nc4 13. Ndb5 axb5 14. Nxb5 Qc6 15.
Qxc4 Qxc4 16. Nxd6+ Ke7 17. Nxc4 Nh6 18. Bc5+ Ke8 19. Rad1 Bf8 20. Bxf8 Kxf8 21.
Nb6 Rb8 22. Rd8+ Kg7 23. Rxh8 Kxh8 24. Rd1 e5 25. Rd8+ Kg7 26. Rxc8 Rxc8 27.
Nxc8 Kf6 28. Nd6 exf4 29. gxf4 b6 30. Nc4 b5 31. Nd6 b4 32. Bh3 g5 33. e5+ Ke7
34. fxg5 Ng8 35. Kf2 h6 36. gxh6 Nxh6 37. Ke3 f5 38. Nxf5+ 1-0

[Event "Euro Online U2300 Day 1"]
[Site "chess.com INT"]
[Date "2020.05.25"]
[Round "3"]
[White "Averyanov, Grigori"]
[Black "Doluhanova, Evgeniya"]
[Result "1-0"]
[BlackTitle "WGM"]
[WhiteElo "2274"]
[BlackElo "2229"]
[WhiteFideId "44150288"]
[BlackFideId "14112035"]
[EventDate "2020.05.25"]

1. d4 Nf6 2. c4 e6 3. g3 d5 4. Nf3 Bb4+ 5. Bd2 Bd6 6. Nc3 c6 7. Bg2 O-O 8. O-O
Bc7 9. b3 Nbd7 10. Qc2 a6 11. e4 dxe4 12. Nxe4 Nxe4 13. Qxe4 Qe7 14. Rfe1 Re8
15. Ne5 Nxe5 16. dxe5 Rb8 17. h4 b5 18. Bg5 f6 19. exf6 gxf6 20. Be3 Bd7 21.
Rad1 f5 22. Qd4 Bc8 23. Bg5 e5 24. Bxe7 exd4 25. Bxc6 Bb7 26. Bxe8 Rxe8 27. Rxd4
Ba5 28. b4 1-0

[Event "Euro Online U2300 Day 1"]
[Site "chess.com INT"]
[Date "2020.05.25"]
[Round "3"]
[White "Matthiesen, Martin"]
[Black "Agrafenin, Andrey"]
[Result "0-1"]
[WhiteTitle "FM"]
[WhiteElo "2260"]
[BlackElo "2017"]
[WhiteFideId "1404067"]
[BlackFideId "13506544"]
[EventDate "2020.05.25"]

1. d4 Nf6 2. c4 e6 3. Nf3 d5 4. Nc3 Bb4 5. e3 O-O 6. Bd3 dxc4 7. Bxc4 c5 8. O-O
cxd4 9. exd4 b6 10. Bg5 Bb7 11. Rc1 Be7 12. Re1 Nc6 13. Be3 Rc8 14. Bd3 Nb4 15.
Bb1 Nbd5 16. Qd3 h6 17. Ne5 Nxc3 0-1

[Event "Euro Online U2300 Day 1"]
[Site "chess.com INT"]
[Date "2020.05.25"]
[Round "3"]
[White "Fajdetic, Hrvoje"]
[Black "Martian, Dragos-Daniel"]
[Result "0-1"]
[WhiteTitle "CM"]
[WhiteElo "2151"]
[BlackElo "2241"]
[WhiteFideId "14501945"]
[BlackFideId "1203606"]
[EventDate "2020.05.25"]

1. d4 Nf6 2. Bf4 e6 3. Nc3 d5 4. e3 Be7 5. Bd3 O-O 6. Nf3 a6 7. Ne2 c5 8. c3
Nbd7 9. Ne5 Nxe5 10. Bxe5 Nd7 11. Bg3 b5 12. Nf4 Bb7 13. Qh5 Nf6 14. Qh3 cxd4
15. exd4 b4 16. O-O bxc3 17. bxc3 Rc8 18. Rfc1 Qa5 19. Bh4 g6 20. Rab1 Rc7 21.
Rb2 Bc8 22. Qf3 Rxc3 23. Rxc3 Qxc3 24. Rc2 Qxd4 25. Ne2 Qxh4 0-1

[Event "Euro Online U2300 Day 1"]
[Site "chess.com INT"]
[Date "2020.05.25"]
[Round "3"]
[White "Rabatin, Jakub"]
[Black "Chalus, Karel"]
[Result "1-0"]
[WhiteTitle "FM"]
[WhiteElo "2271"]
[BlackElo "2044"]
[WhiteFideId "329517"]
[BlackFideId "311723"]
[EventDate "2020.05.25"]

1. e4 c5 2. Nf3 d6 3. d4 cxd4 4. Nxd4 Nf6 5. Nc3 a6 6. f4 e6 7. Bd3 Be7 8. Qf3
Qc7 9. Be3 Nbd7 10. g4 Nc5 11. g5 Nfd7 12. O-O Nxd3 13. cxd3 Nc5 14. Qe2 Bd7 15.
f5 Na4 16. fxe6 fxe6 17. Nxa4 Bxa4 18. Nxe6 Qa5 19. Nxg7+ Kd8 20. Rf5 Qb4 21. a3
Qb3 22. Rc1 Bd7 23. Rc3 Qa2 24. Bb6# 1-0

[Event "Euro Online U2300 Day 1"]
[Site "chess.com INT"]
[Date "2020.05.25"]
[Round "3"]
[White "Gubarev, Vsevolod"]
[Black "Potapenko, Denis"]
[Result "1-0"]
[WhiteElo "2194"]
[BlackElo "2150"]
[WhiteFideId "4164660"]
[BlackFideId "4132769"]
[EventDate "2020.05.25"]

1. e4 d5 2. exd5 Qxd5 3. Nc3 Qa5 4. d4 Nf6 5. Nf3 Bg4 6. Bc4 Nc6 7. d5 O-O-O 8.
O-O Ne5 9. Be2 Bxf3 10. Bxf3 e6 11. Bg5 Bb4 12. Bxf6 gxf6 13. Ne4 Rxd5 14. Qe2
Nxf3+ 15. Qxf3 Rf5 16. Qg3 Bf8 17. Rfd1 Qe5 18. Qd3 b6 19. Qa6+ 1-0